000 00843nam a22002657a 4500
003 OSt
005 20150727104258.0
008 150727b xxu||||| |||| 00| 0 eng d
020 _a9781560534488
040 _aSEKU
050 _aRC 86.8
_b.B5 2001
100 _a Biros, Michelle H.
245 _aHandbook of urgent care medicine
_cedited by Michelle H. Biros, Steve Sterner, E Corradin Vogel.
250 _a 2nd ed.
260 _aPhiladelphia :
_bHanley & Belfus,
_c©2002.
300 _a447 p. :
_b ill.
440 _a Secrets series.
504 _aIncludes bibliographical references
650 _2 Emergency medicine
_vHandbooks
_vmanuals
650 _2 Medical emergencies
_v Handbooks
_v manuals
650 _2Emergencies
_vHandbooks
700 _aSterner, Steve
700 _a Vogel, E Corradin
942 _2lcc
_cGEN
999 _c7179
_d7179